000 00525nam a2200181 4500
003 SEACOMEC
005 20240426145729.0
008 240426b |||||||| |||| 00| 0 eng d
020 _a8173715491
_c295.00
040 _aSEACOMEC
082 _a620.106
_bP641
100 _aPillai, N. Narayana
245 1 _aPrinciples of fluid mechanics and fluid machines
_cN. Narayana Pillai and Krishnan CR.Rama
250 _a2nd ed.
260 _aHyderabad,
_bUniversities Press,
_c2006
650 _aMechanical Engineering
942 _cBOOK
999 _c936
_d936